00356nam a2200121Ia 450000500170000000800410001708200190005810000190007724500100009626000390010630000120014550000770015720250227011854.0240331s9999 xx 000 0 und d bSIN24616a920 aSingaravelu, A 0aKarky aChennaibSandhya Pathippagamc2001 a136 p., aThe autobiography of Marsim Karky, who had an impact on Tamil Literature